01643nam a2200433 i 450000100060000000300080000600500170001400600190003100700150005000800410006502000180010602000270012403500230015103500240017403500250019803500210022304000310024405000230027508000100029808200210030810000340032924501220036326400390048530000750052433600310059933700330063033800430066349000410070650400290074758801250077665000450090165000570094665000130100365000170101665500270103370000450106083000420110585600620114736015FlNmELB20241216221401.0m o d | cr cnu||||||||150410s2012 ck a ob 000 0 spa d a9789586486460 a9781449278823 (e book) a(MiAaPQ)EBC3199908 a(Au-PeEL)EBL3199908 a(CaPaEBR)ebr10566182 a(OCoLC)991998531 aFINmELBbspaerdacFINmELB 4aHD38.5bM8272 2012 a658.70 a658.400285532231 aMora García, Luis Aníbal.10aModelos de optimización de la gestión logística /cLuis Aníbal Mora García, Mauricio Martiliano Martínez. 1aBogotá :bEcoe Ediciones,c2012. a1 recurso en línea (143 páginas, 1 página sin numerar) :btablas atextobtxt2rdacontent/spa acomputadorabc2rdamedia/spa arecurso en líneabcr2rdacarrier/spa1 aColección Ciencias Administrativas aContiene bibliografía. aDescripción basada en recurso en línea; Título de la página del título en PDF (e-libro, visto April 10, 2015). 0aBusiness logisticsxMathematical models. 0aPhysical distribution of goodsxMathematical models. 4aNegocio. 4aLogística. 4aLibros electrónicos.1 aMartínez, Mauricio Martiliano,eautor. 0aColección Ciencias Administrativas.40uhttps://elibro.net/ereader/politecnicointernacional/69121